Business rules and information systems: aligning IT with business goals

Guardat en:
Dades bibliogràfiques
Autor principal: Morgan, Tony (Autor)
Format: Llibre
Idioma:anglès
Publicat: Boston Pearson Education 2002
Matèries:
Etiquetes: Afegir etiqueta
Sense etiquetes, Sigues el primer a etiquetar aquest registre!

MARC

LEADER 00000nam a2200000 a 4500
001 UCL5221
003 CL-VaPUC
008 040305e20020000US |||||||||||||||||eng|d
020 |a 0201743914 
082 0 4 |a 658.4012  |b MOR  |2 21 
100 0 |a Morgan, Tony  |e author  |9 482953 
245 1 0 |a Business rules and information systems: aligning IT with business goals 
300 |a 348 p 
942 |c BK 
945 |d 20040305 00:00:00  |a cmena 
260 |a Boston  |b Pearson Education  |c 2002 
650 0 |a Tecnología de la información   |9 254825 
650 0 |a Gestión de la información   |9 362327 
650 0 |a Planificación estratégica   |9 259735 
583 |a last modification  |c 20040305 00:00:00  |k Rodrigo Vera 
999 |c 307875  |d 307873 
952 |0 0  |1 0  |4 0  |6 658_401200000000000_MOR_2002  |7 0  |8 A  |9 374015  |a BIBING  |b BIBING  |d 2019-11-21  |i 3987841  |o 658.4012 MOR 2002  |p 3987841  |r 2025-01-20  |w 2019-11-21  |y BK  |k CCI